Wall base damp: is one horizontal damp-proof course sufficient dampness protection? (Record no. 74989)

MARC details
000 -LEADER
fixed length control field 01107cab a2200217 4500
001 - CONTROL NUMBER
control field ABS68802
008 - FIXED-LENGTH DATA ELEMENTS--GENERAL INFORMATION
fixed length control field 050329n2005 000 0 eng u
035 ## - SYSTEM CONTROL NUMBER
System control number (Sirsi) u129191
100 ## - MAIN ENTRY--PERSONAL NAME
Personal name Burkinshaw, R.
245 ## - TITLE STATEMENT
Title Wall base damp: is one horizontal damp-proof course sufficient dampness protection?
260 ## - PUBLICATION, DISTRIBUTION, ETC.
Date of publication, distribution, etc. 2005
490 ## - SERIES STATEMENT
Series statement Journal of Building Appraisal
Volume/sequential designation 1(1) February 2005, 7-19(13)
520 ## - SUMMARY, ETC.
Summary, etc. Considers three typical cases of wall base damp, where low-level penetrating dampness has caused problems above or below internal floor level. Many refurbished older buildings suffer damp damage as a result of unsatisfactory wall base detailing. Much time and expense is found to have been wasted when an otherwise successful project is seen to suffer early damp damage. Considers this type of damp problem much more common than true rising damp. References. [Taken from journal abstract].
590 ## - LOCAL NOTE (RLIN)
Local note ABS
650 ## - SUBJECT ADDED ENTRY--TOPICAL TERM
Topical term or geographic name entry element DAMPNESS
650 ## - SUBJECT ADDED ENTRY--TOPICAL TERM
Topical term or geographic name entry element RISING DAMP
650 ## - SUBJECT ADDED ENTRY--TOPICAL TERM
Topical term or geographic name entry element DAMP-PROOF COURSE
650 ## - SUBJECT ADDED ENTRY--TOPICAL TERM
Topical term or geographic name entry element BUILDING DEFECTS
690 ## - LOCAL SUBJECT ADDED ENTRY--TOPICAL TERM (OCLC, RLIN)
Topical term or geographic name as entry element BUILT ENVIRONMENT-BUILDING INSPECTION
942 ## - ADDED ENTRY ELEMENTS (KOHA)
Suppress in OPAC 0
Holdings
Withdrawn status Lost status Source of classification or shelving scheme Damaged status Not for loan Home library Current library Shelving location Date acquired Total Checkouts Full call number Barcode Date last seen Copy number Price effective from Koha item type
    Dewey Decimal Classification     London London Journal article 29/03/2005   ABS68802 129191-1001 06/08/2019 1 06/08/2019 Journal article